00683nam a2200241 a 4500001001300000003000900013005001700022008004100039020001000080082001300090100003000103245002800133260003700161300001000198500003500208505001600243650001900259700003000278902000800308942000700316952010500323999001300428nice12345678IN_TiNIC20260116011338.0050524s1953 newa grp 000 0 eng  ac10000a270bLAT aLatourette, Kenneth Scott aHistory of Christianity aNew York bHarper and Row c1953 a1516p aincludes index and biblioraphy2 aMaps, Index aChurch-History1 aLatourette, Kenneth Scott bSRS cBK 00104070aHMIbHMId2007-07-17g100.00l1o270 LATp02421r2017-11-01s2017-02-20w2026-01-16yEB c702d702